[Event "2019 Tom Weston Open Major"]
[Site "Cardiff"]
[Date "2019.04.19"]
[Round "1.1"]
[White "Parri, Deio"]
[Black "Van Veelen, Thomas"]
[Result "1/2-1/2"]
[WhiteElo "1652"]
[BlackElo "2056"]
[PlyCount "100"]
[EventDate "2019.04.19"]
[EventType "swiss"]
[EventRounds "7"]
[EventCountry "WLS"]

{[%evp 0,100,26,25,27,8,44,30,31,21,39,46,57,55,55,65,36,14,23,16,22,13,-2,-37,
-39,-35,-30,-30,-44,-27,-43,-54,-19,-32,-15,-29,-29,-29,-42,-51,-40,-26,-17,
-19,-24,-46,12,-26,0,0,32,-27,90,67,98,77,108,6,38,-11,25,29,42,0,2,-94,-59,
-59,0,-25,-25,-17,87,-87,7,-50,-45,-86,-60,-69,-50,-60,-69,-103,-101,-83,-46,
-72,-12,-72,-44,-38,-25,-60,18,0,0,-14,-14,-9,-15,-57,20]} 1. d4 {[%emt 0:00:
02]} d5 {[%emt 0:00:05]} 2. c4 {[%emt 0:00:06]} c6 {[%emt 0:00:05]} 3. Nc3 {
[%emt 0:00:14]} Nf6 {[%emt 0:00:04]} 4. Nf3 {[%emt 0:01:19]} e6 {[%emt 0:00:06]
} 5. e3 {[%emt 0:00:21]} Nbd7 {[%emt 0:00:23]} 6. Bd3 {[%emt 0:00:15]} dxc4 {
[%emt 0:00:17]} 7. Bxc4 {[%emt 0:00:07]} b5 {[%emt 0:00:04]} 8. Bb3 {[%emt 0:
01:46]} Bb7 {[%emt 0:04:47]} 9. O-O {[%emt 0:01:02]} a6 {[%emt 0:01:47]} 10. a3
{[%emt 0:05:38]} c5 {[%emt 0:07:28]} 11. dxc5 {[%emt 0:17:22]} Bxc5 {[%emt 0:
23:49]} 12. e4 {[%emt 0:04:39]} Nxe4 {[%emt 0:03:47]} 13. Nxe4 {[%emt 0:01:51]}
Bxe4 {[%emt 0:00:06]} 14. Qe2 {[%emt 0:02:38]} Nf6 {[%emt 0:02:12]} 15. Rd1 {
[%emt 0:07:16]} Qe7 {[%emt 0:08:14]} 16. Bg5 {[%emt 0:03:00]} Bxf3 {[%emt 0:04:
35]} 17. Qxf3 {[%emt 0:00:19]} O-O {[%emt 0:00:19]} 18. Rac1 {[%emt 0:09:28]}
Rac8 {[%emt 0:00:22]} 19. Rc2 {[%emt 0:05:23]} Rfd8 {[%emt 0:18:54]} 20. Rdc1 {
[%emt 0:01:58]} Rc7 {[%emt 0:08:15]} 21. h3 {[%emt 0:03:44]} Rdc8 {[%emt 0:04:
04]} 22. Rd1 h6 23. Bh4 Bd6 24. Rxc7 Rxc7 25. Qa8+ Kh7 26. Qxa6 Be5 27. Qxb5
Bxb2 28. Qd3+ Kg8 29. Bc2 g5 30. Bg3 Rc3 31. Qe2 Qc5 32. Bh7+ Kxh7 33. Qxb2
Qxa3 34. Qb1+ Kg7 35. Be5 Rc5 36. Bd4 Rf5 37. Bb2 Qa4 38. Ba1 Qb5 39. Qc2 Qc5
40. Qb2 Qb5 41. Qd4 Qe2 42. Rf1 e5 43. Qb2 Qh5 44. Qb3 g4 45. Qg3 Kh7 46. hxg4
Qxg4 47. Qxg4 Nxg4 48. f3 Ne3 49. Re1 Nc4 50. Re4 Nd6 1/2-1/2

[Event "2019 Tom Weston Open Major"]
[Site "Cardiff"]
[Date "2019.04.19"]
[Round "1.2"]
[White "Roberts, David L"]
[Black "Evans, Thomas"]
[Result "1-0"]
[WhiteElo "1999"]
[BlackElo "1650"]
[PlyCount "55"]
[EventDate "2019.04.19"]
[EventType "swiss"]
[EventRounds "7"]
[EventCountry "WLS"]

{[%evp 0,55,27,17,56,31,40,-4,-4,15,31,23,35,35,35,42,28,31,82,52,54,54,49,-12,
59,17,137,46,33,36,36,38,38,12,19,16,45,43,49,24,53,67,91,90,97,86,105,77,110,
121,375,467,1144,1581,1580,1669,29991,29992]} 1. e4 {[%emt 0:00:02]} e5 {
[%emt 0:00:06]} 2. Nf3 {[%emt 0:00:07]} Nc6 {[%emt 0:00:08]} 3. d4 {[%emt 0:00:
06]} exd4 {[%emt 0:00:05]} 4. Nxd4 {[%emt 0:00:06]} Bc5 {[%emt 0:00:10]} 5. Be3
{[%emt 0:00:45]} Qf6 {[%emt 0:00:26]} 6. c3 {[%emt 0:00:07]} Nge7 {[%emt 0:00:
46]} 7. Bc4 {[%emt 0:00:26]} Ne5 {[%emt 0:02:24]} 8. Be2 {[%emt 0:00:11]} O-O {
[%emt 0:00:42]} 9. O-O {[%emt 0:03:14]} d5 {[%emt 0:13:22]} 10. Nd2 {[%emt 0:
04:43]} Bd7 {[%emt 0:16:19]} 11. exd5 {[%emt 0:13:08]} Nxd5 {[%emt 0:00:32]}
12. Ne4 {[%emt 0:06:45]} Qe7 {[%emt 0:07:38]} 13. Bg5 {[%emt 0:04:00]} f6 {
[%emt 0:02:00]} 14. Qb3 {[%emt 0:15:38]} c6 {[%emt 0:08:53]} 15. Nxc5 {[%emt 0:
02:23]} Qxc5 {[%emt 0:00:12]} 16. Be3 {[%emt 0:04:20]} Qd6 {[%emt 0:06:17]} 17.
Rad1 {[%emt 0:04:05]} Kh8 {[%emt 0:07:45]} 18. Nf3 {[%emt 0:06:32]} Qe7 {
[%emt 0:06:11]} 19. Bc1 {[%emt 0:04:35]} Be6 {[%emt 0:06:31]} 20. c4 {[%emt 0:
02:39]} Nxf3+ {[%emt 0:03:23]} 21. Qxf3 {[%emt 0:01:13]} Nb6 {[%emt 0:00:42]}
22. Rfe1 {[%emt 0:01:09]} Rfe8 23. b3 Rad8 24. Bd3 Qb4 25. Qh5 Rxd3 26. Qxe8+
Bg8 27. Rxd3 g6 28. Rd8 1-0

[Event "2019 Tom Weston Open Major"]
[Site "Cardiff"]
[Date "2019.04.19"]
[Round "1.3"]
[White "Fraser, Susanna"]
[Black "Robinson, David"]
[Result "1/2-1/2"]
[WhiteElo "1649"]
[BlackElo "1905"]
[PlyCount "90"]
[EventDate "2019.04.19"]
[EventType "swiss"]
[EventRounds "7"]
[EventCountry "WLS"]
[WhiteClock "0:22:11"]
[BlackClock "0:23:45"]

{[%evp 0,90,27,27,27,-11,8,-3,39,-12,69,57,69,27,31,-55,-25,-19,28,7,64,-7,-7,
-40,-7,-3,20,-44,-55,-74,-73,-71,-64,-103,-111,-279,-138,-131,-125,-132,-101,
-106,-125,-169,-169,-170,-106,-103,-72,-94,-82,-83,-93,-89,-75,-71,-60,-80,-79,
-116,-108,-122,-128,-133,-78,-94,-73,-97,-101,-98,91,-91,28,-67,60,60,151,-7,
-9,-8,11,16,40,37,48,105,96,3,134,67,66,66,74]} 1. d4 {[%emt 0:00:02]} Nf6 {
[%emt 0:00:29]} 2. c4 {[%emt 0:00:11]} c5 {[%emt 0:00:23]} 3. Nf3 {[%emt 0:00:
58]} g6 {[%emt 0:00:33]} 4. g3 {[%emt 0:00:24]} Bg7 {[%emt 0:01:16]} 5. Bg2 {
[%emt 0:00:21]} O-O {[%emt 0:00:40]} 6. O-O {[%emt 0:00:43]} d6 {[%emt 0:02:54]
} 7. b3 {[%emt 0:01:49]} Nc6 {[%emt 0:02:29]} 8. Bb2 {[%emt 0:01:52]} Bg4 {
[%emt 0:07:05]} 9. Nbd2 {[%emt 0:08:35]} Qc7 {[%emt 0:06:48]} 10. Rb1 {[%emt 0:
01:21]} Bf5 {[%emt 0:01:55]} 11. Rc1 {[%emt 0:03:16]} Ne4 {[%emt 0:04:13]} 12.
Ba1 {[%emt 0:09:37]} cxd4 {[%emt 0:09:44]} 13. Nxd4 {[%emt 0:04:29]} Nxf2 {
[%emt 0:07:13]} 14. Nb5 {[%emt 0:03:15]} Nxd1 {[%emt 0:05:16]} 15. Nxc7 {
[%emt 0:00:05]} Ne3 {[%emt 0:04:41]} 16. Rf3 {[%emt 0:19:09]} Rac8 {[%emt 0:03:
54]} 17. Nb5 {[%emt 0:00:58]} Bxa1 {[%emt 0:05:13]} 18. Rxa1 {[%emt 0:06:24]}
Nxg2 {[%emt 0:01:21]} 19. Kxg2 {[%emt 0:00:12]} a6 {[%emt 0:00:13]} 20. Nc3 {
[%emt 0:00:42]} Nd4 {[%emt 0:02:28]} 21. Rff1 {[%emt 0:02:13]} Nc2 {[%emt 0:00:
25]} 22. Nd5 {[%emt 0:00:55]} Rfe8 {[%emt 0:05:53]} 23. Rac1 {[%emt 0:07:40]}
Nd4 {[%emt 0:00:25]} 24. Rfe1 {[%emt 0:02:50]} Be6 {[%emt 0:03:11]} 25. e4 {
[%emt 0:02:49]} Kg7 26. Nf3 Nxf3 27. Kxf3 Bxd5 28. cxd5 Kf6 29. h4 Ke5 30. g4
h6 31. Ke3 Rf8 32. Rf1 f6 33. h5 Rxc1 34. Rxc1 f5 35. Rc7 e6 36. Re7 Rf6 37.
hxg6 Rxg6 38. Rxe6+ Rxe6 39. dxe6 Kxe6 40. exf5+ Ke5 41. a4 b6 42. b4 d5 43. b5
a5 44. Kd3 d4 45. Kd2 Kd6 1/2-1/2

[Event "2019 Tom Weston Open Major"]
[Site "Cardiff"]
[Date "2019.04.19"]
[Round "1.4"]
[White "Timmins, Chris P"]
[Black "Williams, Gavin"]
[Result "1-0"]
[WhiteElo "1888"]
[BlackElo "1646"]
[PlyCount "69"]
[EventDate "2019.04.19"]
[EventType "swiss"]
[EventRounds "7"]
[EventCountry "WLS"]

{[%evp 0,69,27,25,47,29,49,34,7,-43,-26,-8,-16,1,-16,-18,-4,-45,-57,-68,-48,
-41,11,-95,-95,-55,-32,-66,-13,-21,-30,-30,-33,-41,-20,-38,-26,-19,-26,-32,-44,
-57,-73,-80,-70,-54,-57,-48,-45,-49,137,136,125,137,137,133,163,163,173,173,
173,166,263,265,314,320,332,335,351,327,354,358]} 1. e4 {[%emt 0:00:04]} e6 {
[%emt 0:00:12]} 2. d4 {[%emt 0:00:33]} d5 {[%emt 0:00:16]} 3. Nc3 {[%emt 0:00:
08]} Bb4 {[%emt 0:00:17]} 4. Qf3 {[%emt 0:00:45]} Nf6 {[%emt 0:01:21]} 5. e5 {
[%emt 0:01:07]} Ne4 {[%emt 0:00:25]} 6. a3 {[%emt 0:01:51]} Bxc3+ {[%emt 0:01:
30]} 7. bxc3 {[%emt 0:00:07]} c5 {[%emt 0:00:15]} 8. Bb5+ {[%emt 0:05:55]} Bd7
{[%emt 0:01:24]} 9. Bxd7+ {[%emt 0:01:04]} Qxd7 {[%emt 0:00:23]} 10. Ne2 {
[%emt 0:01:29]} O-O {[%emt 0:02:14]} 11. Qh5 {[%emt 0:05:13]} cxd4 {[%emt 0:02:
44]} 12. cxd4 {[%emt 0:00:36]} Qc7 {[%emt 0:00:17]} 13. Be3 {[%emt 0:08:22]}
Nc3 {[%emt 0:01:42]} 14. O-O {[%emt 0:06:58]} Nxe2+ {[%emt 0:02:12]} 15. Qxe2 {
[%emt 0:00:12]} Nd7 {[%emt 0:00:12]} 16. Rab1 {[%emt 0:13:32]} Rac8 {[%emt 0:
00:53]} 17. Rfc1 {[%emt 0:01:06]} Nb6 {[%emt 0:00:36]} 18. Qg4 {[%emt 0:03:52]}
f5 {[%emt 0:01:50]} 19. exf6 {[%emt 0:04:56]} Rxf6 {[%emt 0:00:20]} 20. h4 {
[%emt 0:11:29]} Nc4 {[%emt 0:02:25]} 21. Bg5 {[%emt 0:01:38]} Rf5 {[%emt 0:03:
24]} 22. Re1 {[%emt 0:03:06]} Qf7 {[%emt 0:01:44]} 23. Rb3 {[%emt 0:04:47]} Nd6
{[%emt 0:01:48]} 24. Qe2 {[%emt 0:01:44]} Qg6 {[%emt 0:01:45]} 25. Qxe6+ {
[%emt 0:06:36]} Qxe6 {[%emt 0:00:54]} 26. Rxe6 {[%emt 0:00:03]} Ne4 {[%emt 0:
03:40]} 27. Rxb7 {[%emt 0:00:42]} h6 {[%emt 0:01:18]} 28. Be3 {[%emt 0:01:06]}
Rf7 {[%emt 0:00:22]} 29. Ree7 {[%emt 0:02:02]} Rxe7 {[%emt 0:01:09]} 30. Rxe7 {
[%emt 0:00:02]} Ra8 {[%emt 0:00:19]} 31. c4 {[%emt 0:02:27]} Nf6 {[%emt 0:00:
47]} 32. c5 {[%emt 0:01:08]} Kf8 {[%emt 0:00:12]} 33. Rb7 {[%emt 0:00:15]} a6 {
[%emt 0:00:20]} 34. Kf1 {[%emt 0:00:34]} Ne8 {[%emt 0:03:45]} 35. Bf4 {[%emt 0:
01:43]} 1-0

[Event "2019 Tom Weston Open Major"]
[Site "Cardiff"]
[Date "2019.04.19"]
[Round "1.5"]
[White "Williams, Stephen"]
[Black "Summers, Charles"]
[Result "0-1"]
[WhiteElo "1644"]
[BlackElo "1859"]
[PlyCount "86"]
[EventDate "2019.04.19"]
[EventType "swiss"]
[EventRounds "7"]
[EventCountry "WLS"]

{[%evp 0,86,27,27,34,-22,34,11,31,-25,26,20,25,15,28,6,30,-34,-31,-68,-56,-57,
-52,-152,-87,-104,-79,-79,-72,-81,-52,-51,-43,-137,-147,-147,-122,-258,-183,
-239,-183,-187,-202,-202,-117,-121,-210,-436,-398,-550,-725,-725,-866,-757,
-797,-805,-671,-778,-347,-332,-318,-361,-322,-320,-320,-320,-320,-327,-277,
-328,-325,-325,-315,-338,-294,-324,-319,-440,-445,-490,-498,-552,-541,-541,
-481,-489,-453,-574,-598]} 1. d4 {[%emt 0:00:03]} Nf6 {[%emt 0:00:50]} 2. c4 {
[%emt 0:00:08]} e5 {[%emt 0:00:10]} 3. dxe5 {[%emt 0:00:14]} Ng4 {[%emt 0:00:
03]} 4. Bf4 {[%emt 0:00:28]} g5 {[%emt 0:00:55]} 5. Bg3 {[%emt 0:02:31]} Nc6 {
[%emt 0:01:27]} 6. Nf3 {[%emt 0:00:10]} Bg7 {[%emt 0:00:57]} 7. e3 {[%emt 0:05:
19]} Ngxe5 {[%emt 0:01:33]} 8. Nd4 {[%emt 0:01:53]} d6 {[%emt 0:03:09]} 9. Nd2
{[%emt 0:02:55]} Qe7 {[%emt 0:02:25]} 10. Nxc6 {[%emt 0:05:54]} Nxc6 {[%emt 0:
02:52]} 11. Qc1 {[%emt 0:19:48]} Bf5 {[%emt 0:01:44]} 12. Be2 {[%emt 0:05:02]}
Qf6 {[%emt 0:08:57]} 13. e4 {[%emt 0:09:18]} Bg6 {[%emt 0:02:44]} 14. Rb1 {
[%emt 0:01:19]} Nd4 {[%emt 0:04:21]} 15. Bd3 {[%emt 0:00:46]} h5 {[%emt 0:02:
51]} 16. f3 {[%emt 0:01:59]} h4 {[%emt 0:00:45]} 17. Bf2 {[%emt 0:00:09]} h3 {
[%emt 0:01:46]} 18. O-O {[%emt 0:02:05]} hxg2 {[%emt 0:01:50]} 19. Kxg2 {
[%emt 0:00:10]} Qe6 {[%emt 0:03:14]} 20. Bg3 {[%emt 0:00:41]} Qh3+ {[%emt 0:00:
31]} 21. Kg1 {[%emt 0:01:35]} Ne6 {[%emt 0:01:05]} 22. Nb3 {[%emt 0:02:27]} Be5
{[%emt 0:03:03]} 23. Qe1 {[%emt 0:00:58]} Nf4 {[%emt 0:00:28]} 24. Bxf4 {
[%emt 0:06:05]} Bxf4 {[%emt 0:00:14]} 25. Rf2 {[%emt 0:01:15]} Bxh2+ {[%emt 0:
00:33]} 26. Rxh2 {[%emt 0:00:36]} Qxh2+ {[%emt 0:00:06]} 27. Kf1 {[%emt 0:00:
15]} Rh3 {[%emt 0:04:57]} 28. Nd2 {[%emt 0:01:26]} Rg3 {[%emt 0:00:29]} 29. Qf2
{[%emt 0:00:43]} Qh3+ {[%emt 0:00:58]} 30. Ke1 {[%emt 0:00:43]} Rg2 {[%emt 0:
00:41]} 31. Bf1 {[%emt 0:00:40]} Rxf2 {[%emt 0:02:57]} 32. Bxh3 {[%emt 0:00:11]
} Rh2 {[%emt 0:00:20]} 33. Bg4 {[%emt 0:00:50]} Rh1+ {[%emt 0:01:31]} 34. Nf1 {
[%emt 0:00:27]} Ke7 {[%emt 0:00:56]} 35. Rd1 {[%emt 0:02:00]} Rah8 {[%emt 0:00:
43]} 36. Rd2 {[%emt 0:01:16]} R8h4 {[%emt 0:00:58]} 37. Kf2 {[%emt 0:02:10]}
Kf6 {[%emt 0:01:57]} 38. Rd5 {[%emt 0:00:57]} Bxe4 {[%emt 0:00:51]} 39. fxe4 {
[%emt 0:08:01]} Rxg4 {[%emt 0:01:10]} 40. Rf5+ {[%emt 0:00:07]} Ke6 {[%emt 0:
02:54]} 41. Ne3 {[%emt 0:01:35]} Rh2+ {[%emt 0:02:28]} 42. Kf3 {[%emt 0:00:26]}
Rf4+ {[%emt 0:00:35]} 43. Kg3 {[%emt 0:00:59]} Rxb2 {[%emt 0:00:34]} 0-1

[Event "2019 Tom Weston Open Major"]
[Site "Cardiff"]
[Date "2019.04.19"]
[Round "1.6"]
[White "Phillips, William"]
[Black "Hurn, Robert Aj"]
[Result "1/2-1/2"]
[WhiteElo "1843"]
[BlackElo "1623"]
[PlyCount "56"]
[EventDate "2019.04.19"]
[EventType "swiss"]
[EventRounds "7"]
[EventCountry "WLS"]

{[%evp 0,56,27,27,35,27,32,-14,52,35,21,-13,-28,-35,-30,-48,14,-12,28,31,18,17,
-5,-4,36,36,38,38,67,67,59,59,63,59,59,58,72,76,69,74,72,69,67,127,89,36,123,
72,60,51,32,32,37,42,21,21,40,19,45]} 1. d4 {[%emt 0:00:02]} Nf6 {[%emt 0:00:
10]} 2. Nf3 {[%emt 0:00:07]} d5 {[%emt 0:00:05]} 3. c4 {[%emt 0:00:31]} dxc4 {
[%emt 0:00:21]} 4. Nc3 {[%emt 0:00:42]} a6 {[%emt 0:02:30]} 5. a4 {[%emt 0:00:
32]} Nc6 {[%emt 0:02:28]} 6. e3 {[%emt 0:04:43]} Na5 {[%emt 0:03:35]} 7. Ne5 {
[%emt 0:08:57]} Bf5 {[%emt 0:04:10]} 8. Nxc4 {[%emt 0:01:32]} Nxc4 {[%emt 0:00:
42]} 9. Bxc4 {[%emt 0:00:10]} e6 {[%emt 0:00:35]} 10. O-O {[%emt 0:00:32]} Be7
{[%emt 0:00:54]} 11. Qe2 {[%emt 0:06:31]} O-O {[%emt 0:01:05]} 12. Rd1 {
[%emt 0:01:18]} c6 {[%emt 0:02:01]} 13. e4 {[%emt 0:17:39]} Bg4 {[%emt 0:06:27]
} 14. f3 {[%emt 0:00:56]} Bh5 {[%emt 0:00:14]} 15. Qf2 {[%emt 0:06:38]} Qc7 {
[%emt 0:01:35]} 16. Be3 {[%emt 0:04:40]} h6 {[%emt 0:04:50]} 17. Ne2 {[%emt 0:
04:56]} Bg6 {[%emt 0:01:43]} 18. Rac1 {[%emt 0:07:02]} Qa5 {[%emt 0:01:06]} 19.
Nf4 {[%emt 0:06:45]} Bh7 {[%emt 0:01:31]} 20. Qc2 {[%emt 0:03:01]} Rac8 {
[%emt 0:01:59]} 21. Qb3 {[%emt 0:01:51]} Rb8 {[%emt 0:03:20]} 22. d5 {[%emt 0:
05:36]} b5 {[%emt 0:04:08]} 23. axb5 {[%emt 0:00:27]} axb5 {[%emt 0:04:09]} 24.
Be2 {[%emt 0:02:24]} cxd5 {[%emt 0:02:50]} 25. exd5 {[%emt 0:00:51]} exd5 {
[%emt 0:01:30]} 26. Nxd5 {[%emt 0:01:49]} Nxd5 {[%emt 0:02:55]} 27. Rxd5 {
[%emt 0:00:20]} Qa4 {[%emt 0:01:32]} 28. Qxa4 {[%emt 0:02:00]} bxa4 {[%emt 0:
00:05]} 1/2-1/2

[Event "2019 Tom Weston Open Major"]
[Site "Cardiff"]
[Date "2019.04.19"]
[Round "1.7"]
[White "Probert, Malcolm"]
[Black "Buttell, David"]
[Result "0-1"]
[WhiteElo "1585"]
[BlackElo "1809"]
[PlyCount "66"]
[EventDate "2019.04.19"]
[EventType "swiss"]
[EventRounds "7"]
[EventCountry "WLS"]

{[%evp 0,66,27,27,27,-10,-15,-15,47,-20,-2,-21,-12,-10,48,56,52,27,25,18,66,35,
37,39,95,70,106,64,49,13,52,50,61,-1,-17,-17,-5,-11,11,13,38,-9,47,-40,45,24,
52,22,53,51,81,119,125,139,120,108,115,97,248,193,214,242,275,194,224,174,213,
-29997,-29998]} 1. Nf3 {[%emt 0:00:01]} Nf6 {[%emt 0:00:16]} 2. g3 {[%emt 0:00:
05]} d5 {[%emt 0:00:30]} 3. Bg2 {[%emt 0:00:14]} c6 {[%emt 0:00:30]} 4. c4 {
[%emt 0:03:17]} e6 {[%emt 0:00:16]} 5. b3 {[%emt 0:00:09]} Nbd7 {[%emt 0:00:42]
} 6. O-O {[%emt 0:00:20]} g6 {[%emt 0:00:52]} 7. Bb2 {[%emt 0:00:09]} Bg7 {
[%emt 0:00:06]} 8. Nc3 {[%emt 0:03:06]} O-O {[%emt 0:00:22]} 9. Qc2 {[%emt 0:
00:59]} a6 {[%emt 0:01:02]} 10. a4 {[%emt 0:03:33]} Re8 {[%emt 0:03:40]} 11. d4
{[%emt 0:01:17]} a5 {[%emt 0:04:31]} 12. Rfd1 {[%emt 0:05:47]} Nb8 {[%emt 0:00:
26]} 13. Ne5 {[%emt 0:03:16]} Na6 {[%emt 0:00:30]} 14. Nd3 {[%emt 0:02:49]}
dxc4 {[%emt 0:01:02]} 15. bxc4 {[%emt 0:01:07]} Nb4 {[%emt 0:05:39]} 16. Nxb4 {
[%emt 0:02:08]} axb4 {[%emt 0:00:07]} 17. Ne4 {[%emt 0:04:23]} Nxe4 {[%emt 0:
02:30]} 18. Bxe4 {[%emt 0:00:11]} f5 {[%emt 0:03:43]} 19. Bg2 {[%emt 0:00:36]}
Qe7 {[%emt 0:01:56]} 20. f4 {[%emt 0:04:02]} c5 {[%emt 0:02:36]} 21. e4 {
[%emt 0:08:03]} cxd4 {[%emt 0:02:46]} 22. e5 {[%emt 0:00:43]} g5 {[%emt 0:01:
06]} 23. Rxd4 {[%emt 0:02:13]} gxf4 {[%emt 0:09:27]} 24. gxf4 {[%emt 0:01:37]}
Rb8 {[%emt 0:03:11]} 25. c5 {[%emt 0:01:58]} Bd7 {[%emt 0:00:56]} 26. Rxb4 {
[%emt 0:02:04]} Bc6 {[%emt 0:02:19]} 27. Bxc6 {[%emt 0:01:53]} bxc6 {[%emt 0:
00:15]} 28. Rb6 {[%emt 0:00:47]} Rxb6 {[%emt 0:01:39]} 29. cxb6 {[%emt 0:00:12]
} Qb7 {[%emt 0:04:41]} 30. a5 {[%emt 0:00:54]} Bh6 {[%emt 0:02:29]} 31. Bc1 {
[%emt 0:06:21]} Kh8 {[%emt 0:00:28]} 32. Be3 {[%emt 0:01:01]} Rg8+ {[%emt 0:00:
25]} 33. Kh1 {[%emt 0:00:17]} c5+ {[%emt 0:00:09]} 0-1

[Event "2019 Tom Weston Open Major"]
[Site "Cardiff"]
[Date "2019.04.19"]
[Round "1.8"]
[White "Borkowski, J Andrew"]
[Black "Watkins, Peter"]
[Result "1/2-1/2"]
[WhiteElo "1796"]
[BlackElo "1570"]
[PlyCount "123"]
[EventDate "2019.04.19"]
[EventType "swiss"]
[EventRounds "7"]
[EventCountry "WLS"]

{[%evp 0,123,27,35,50,-25,-7,-75,-64,-32,2,0,-15,-8,9,-52,3,-39,-8,1,11,2,52,
27,40,16,-1,12,24,6,46,-23,-6,-15,-4,-3,-7,-101,-17,-29,-3,-4,24,-46,-46,-87,
-11,-24,-18,-39,-27,-26,-26,-24,-39,-84,111,17,14,-1,18,12,0,13,68,55,78,89,86,
86,93,95,87,88,99,94,99,99,93,91,91,79,78,90,100,71,78,78,89,89,90,94,96,87,88,
93,88,84,88,88,88,88,94,94,122,95,122,72,74,77,125,94,94,88,130,130,105,2,2,0,
12,0,15,6,7,7]} 1. e4 {[%emt 0:00:04]} e6 {[%emt 0:00:25]} 2. b3 {[%emt 0:00:
06]} d5 {[%emt 0:00:52]} 3. Bb2 {[%emt 0:00:05]} dxe4 {[%emt 0:01:46]} 4. Nc3 {
[%emt 0:00:09]} Nf6 {[%emt 0:00:52]} 5. Qe2 {[%emt 0:00:07]} Be7 {[%emt 0:02:
49]} 6. O-O-O {[%emt 0:02:15]} c5 {[%emt 0:03:19]} 7. g4 {[%emt 0:02:58]} h6 {
[%emt 0:04:52]} 8. Bg2 {[%emt 0:02:05]} Bd7 {[%emt 0:05:07]} 9. Nxe4 {[%emt 0:
02:12]} Bc6 {[%emt 0:03:19]} 10. Kb1 {[%emt 0:05:24]} Bxe4 {[%emt 0:07:35]} 11.
Bxe4 {[%emt 0:00:27]} Qb6 {[%emt 0:04:05]} 12. Bg2 {[%emt 0:05:38]} Nc6 {
[%emt 0:01:16]} 13. h3 {[%emt 0:11:26]} a5 {[%emt 0:01:30]} 14. a4 {[%emt 0:05:
58]} Nd4 {[%emt 0:04:25]} 15. Bxd4 {[%emt 0:01:58]} cxd4 {[%emt 0:01:31]} 16.
Qb5+ {[%emt 0:00:07]} Qxb5 {[%emt 0:02:38]} 17. axb5 {[%emt 0:00:05]} O-O-O {
[%emt 0:04:13]} 18. d3 {[%emt 0:10:15]} Ne8 {[%emt 0:01:44]} 19. Nf3 {[%emt 0:
03:22]} Bf6 {[%emt 0:02:11]} 20. Nd2 {[%emt 0:05:24]} Nd6 {[%emt 0:02:01]} 21.
Nc4 {[%emt 0:03:09]} Nxb5 {[%emt 0:02:44]} 22. Kb2 {[%emt 0:00:09]} Nc3 {
[%emt 0:02:03]} 23. Ra1 {[%emt 0:01:05]} a4 {[%emt 0:03:15]} 24. Nb6+ {[%emt 0:
01:32]} Kc7 {[%emt 0:00:32]} 25. Nxa4 {[%emt 0:00:13]} Ra8 {[%emt 0:02:38]} 26.
Nc5 {[%emt 0:01:30]} Nd5 {[%emt 0:02:06]} 27. Rhe1 {[%emt 0:05:57]} Rab8 {
[%emt 0:10:30]} 28. Bxd5 {[%emt 0:00:34]} exd5 {[%emt 0:00:23]} 29. b4 {
[%emt 0:01:53]} Rhe8 {[%emt 0:00:44]} 30. Rxe8 {[%emt 0:05:13]} Rxe8 {[%emt 0:
00:33]} 31. Ra7 {[%emt 0:00:10]} Kc6 {[%emt 0:03:02]} 32. Rxb7 {[%emt 0:01:10]}
Re7 {[%emt 0:00:12]} 33. Rxe7 {[%emt 0:01:35]} Bxe7 {[%emt 0:00:11]} 34. Nb3 {
[%emt 0:01:26]} Bxb4 {[%emt 0:01:32]} 35. Nxd4+ {[%emt 0:00:09]} Kd7 {[%emt 0:
01:40]} 36. Nf5 {[%emt 0:01:21]} Bc5 {[%emt 0:00:45]} 37. d4 {[%emt 0:02:43]}
Bf8 {[%emt 0:00:13]} 38. Ne3 {[%emt 0:00:57]} Ke6 {[%emt 0:01:34]} 39. Kb3 {
[%emt 0:02:17]} g6 {[%emt 0:00:54]} 40. c3 {[%emt 0:00:36]} Bd6 {[%emt 0:00:41]
} 41. Ka4 {[%emt 0:02:22]} f5 {[%emt 0:04:55]} 42. f3 {[%emt 0:02:05]} Bf4 {
[%emt 0:00:47]} 43. Nc2 {[%emt 0:05:25]} fxg4 {[%emt 0:01:52]} 44. fxg4 {
[%emt 0:00:16]} h5 {[%emt 0:00:48]} 45. gxh5 {[%emt 0:01:45]} gxh5 {[%emt 0:00:
15]} 46. Nb4 {[%emt 0:00:28]} Bd2 {[%emt 0:02:10]} 47. Kb3 {[%emt 0:00:08]} h4
{[%emt 0:00:45]} 48. Kc2 {[%emt 0:00:46]} Bf4 {[%emt 0:01:01]} 49. Kd3 {
[%emt 0:00:37]} Bc1 {[%emt 0:02:19]} 50. Nc2 {[%emt 0:02:30]} Bf4 {[%emt 0:03:
35]} 51. Ne3 {[%emt 0:01:06]} Bg3 {[%emt 0:01:35]} 52. Ng2 {[%emt 0:01:05]} Kf6
{[%emt 0:01:40]} 53. c4 {[%emt 0:01:24]} dxc4+ {[%emt 0:00:32]} 54. Kxc4 {
[%emt 0:00:06]} Ke6 {[%emt 0:01:06]} 55. Kc5 {[%emt 0:01:26]} Bf2 {[%emt 0:00:
52]} 56. Kc4 {[%emt 0:01:19]} Bg3 {[%emt 0:01:10]} 57. Kd3 {[%emt 0:00:33]} Kf5
{[%emt 0:00:33]} 58. Ne3+ {[%emt 0:01:19]} Kf4 {[%emt 0:00:54]} 59. d5 {
[%emt 0:01:24]} Kf3 {[%emt 0:00:26]} 60. Nf5 {[%emt 0:00:19]} Bc7 {[%emt 0:00:
49]} 61. Kc4 {[%emt 0:03:45]} Kg2 {[%emt 0:00:30]} 62. Nxh4+ {[%emt 0:01:10]}
1/2-1/2

[Event "2019 Tom Weston Open Major"]
[Site "Cardiff"]
[Date "2019.04.19"]
[Round "1.9"]
[White "Bennett, Tom"]
[Black "Quinn, Peter"]
[Result "0-1"]
[WhiteElo "1566"]
[BlackElo "1784"]
[PlyCount "68"]
[EventDate "2019.04.19"]
[EventType "swiss"]
[EventRounds "7"]
[EventCountry "WLS"]

{[%evp 0,68,35,39,83,13,85,13,42,-11,66,-20,26,19,39,14,31,-39,0,0,30,10,15,15,
15,30,5,27,50,54,56,28,5,-41,1,-43,-10,-21,-14,-90,-15,-42,-42,-42,-67,-162,
109,-124,50,-25,0,-25,121,-49,117,-46,-46,-124,-1,-145,-136,-136,-186,-276,
-323,-394,-371,-371,-371,-785,-987]} 1. e4 Nf6 {[%emt 0:00:29]} 2. Nc3 {
[%emt 0:00:07]} c6 {[%emt 0:00:21]} 3. g3 {[%emt 0:01:38]} e5 {[%emt 0:01:04]}
4. Bg2 {[%emt 0:00:09]} Be7 {[%emt 0:00:48]} 5. d3 {[%emt 0:01:41]} d6 {
[%emt 0:00:28]} 6. h3 {[%emt 0:01:15]} Be6 {[%emt 0:01:25]} 7. f4 {[%emt 0:02:
08]} g6 {[%emt 0:07:16]} 8. Nf3 {[%emt 0:04:33]} exf4 {[%emt 0:04:38]} 9. gxf4
{[%emt 0:01:17]} Nh5 {[%emt 0:00:17]} 10. Ne2 Bh4+ {[%emt 0:03:28]} 11. Nxh4
Qxh4+ {[%emt 0:04:14]} 12. Kf1 Nd7 13. Be3 a6 14. Bf2 Qe7 {[%emt 0:12:21]} 15.
Qd2 f5 16. Nd4 O-O {[%emt 0:12:36]} 17. Nxe6 Qxe6 18. Bf3 Ng7 19. Be3 Qf6 20.
Qb4 fxe4 21. dxe4 Ne5 {[%emt 0:50:15]} 22. Be2 Rab8 {[%emt 0:09:17]} 23. h4 Qe6
24. Rd1 c5 25. Qa4 Qe7 26. c3 Nc6 27. Bc4+ Kh8 28. Bd5 Ne5 29. Qc2 Ng4 30. Ke2
Nh5 31. Rdf1 Ng3+ 32. Kf3 Nxf1 33. Rxf1 Qxh4 34. Ke2 Qh2+ 0-1